| 000 | 00485cam a22002054a 4500 | ||
|---|---|---|---|
| 005 | 20250605164313.0 | ||
| 008 | 250528s ||||||||||||||||||||||||d | ||
| 035 | _a22575 | ||
| 020 | _a9780023596513 | ||
| 040 |
_aGR-AtMCL _bgre _dGR-AtMCL _eAACR2 |
||
| 245 | 1 | _aASSEMBLY LANGUAGE FOR THE IBM-PC | |
| 250 | _a2 | ||
| 260 | _c1993 | ||
| 300 | _a623 | ||
| 700 | 1 |
_aIrvine Kip R _94475 |
|
| 942 | _cBK | ||
| 710 | 2 |
_aMacmillan Business _99714 |
|
| 999 |
_c7623 _d7623 |
||